Trajes civiles, militares y religiosos de México /
Reproducción facsímilar de esta obra escrita originalmente en francés y publicada en 1828 en Bruselas. Fue una de las obras de mayor atractivo e interés para los extranjeros, sobre el México de esa época. Se compone de varias láminas donde se representan tipos, personajes, costumbres y trajes mexica...
Guardat en:
| Autor principal: | |
|---|---|
| Format: | Llibre |
| Idioma: | espanyol |
| Publicat: |
México :
UNAM, Instituto de Investigaciones Estéticas,
1956, c1956
|
| Matèries: | |
| Etiquetes: |
Sense etiquetes, Sigues el primer a etiquetar aquest registre!
|
MARC
| LEADER | 00000nam^a2200000^a^4500 | ||
|---|---|---|---|
| 001 | 000124228 | ||
| 005 | 20250521000000.0 | ||
| 009 | 20260310094607.311 | ||
| 037 | |a Acervo ITESO - Biblioteca | ||
| 041 | |a ESP | ||
| 082 | |a 972. 04 |b LIN | ||
| 100 | |a Linati, Claudio |e (autor) | ||
| 245 | 1 | 0 | |a Trajes civiles, militares y religiosos de México / |c C. Linati ; introd., estudio y tr. por Justino Fernández ; pról. de Manuel Toussaint. |
| 264 | 4 | |a México : |b UNAM, Instituto de Investigaciones Estéticas, |c 1956, c1956 | |
| 300 | |a ca. 300 p. | ||
| 336 | |a texto |b txt |2 rdacontenido | ||
| 337 | |a sin mediación |b n |2 rdamedio | ||
| 338 | |a volumen |b nc |2 rdasoporte | ||
| 500 | |a Traducción de: Costumes civils, militaires et réligieux du Mexique | ||
| 520 | |a Reproducción facsímilar de esta obra escrita originalmente en francés y publicada en 1828 en Bruselas. Fue una de las obras de mayor atractivo e interés para los extranjeros, sobre el México de esa época. Se compone de varias láminas donde se representan tipos, personajes, costumbres y trajes mexicanos, acompañadas de sus respectivos textos. En conjunto, son un documento histórico de gran valor, que ofrece una visión del México de entonces, así como también la visión de su autor, de origen italiano. | ||
| 546 | |a Edición bilingüe español-francés | ||
| 649 | |a XX | ||
| 650 | |a Prácticas Culturales - |z México | ||
| 650 | |a Vestido - |z México - |x Historia | ||
| 650 | |a México - |x Historia - |y Federalismo y Centralismo, 1824-1853 | ||
| 650 | |a México - |x Historia - |y Siglo XIX | ||
| 650 | |a México - |x Historia | ||
| 910 | |a Fondo Salvador Reynoso Reynoso | ||
| 920 | |a Impresos - Libros | ||
| 930 | |a Fondos Especiales | ||
| 905 | |a 112 | ||
| 901 | |a 0800007341 |b IT2 |c ESP |u 20250521 | ||
| 902 | |a https://opac.biblio.iteso.mx/vufind/Record/000124228 | ||